000 01243cam a2200337 a 4500
001 3560585
003 OSt
005 20160413192807.0
008 980424s1998 enkab b 001 0 eng
010 _a 98023026
020 _a0821412086 (hardcover : alk. paper)
020 _a0821412094 (pbk. : alk. paper)
040 _aDLC
_cDLC
_dDLC
043 _af-ug---
050 0 0 _aHC870
_b.D48 1998
082 0 0 _a338.9
_221
_bDEV 1998
245 0 0 _aDeveloping Uganda /
_cedited by Holger Bernt Hansen & Michael Twaddle.
260 _aOxford :
_bJames Curry ;
_aAthens :
_bOhio University Press,
_c1998.
300 _aix, 293 p. :
_bill., 1 map ;
_c23 cm.
490 1 _aEastern African studies
504 _aIncludes bibliographical references and index.
651 0 _aUganda
_xEconomic conditions
_y1979-
_94749
651 0 _aUganda
_xEconomic policy.
_97544
651 0 _aUganda
_xPolitics and government
_y1979-
_91129
700 1 _aHansen, Holger Bernt.
_97872
700 1 _aTwaddle, Michael.
_95004
830 0 _aEastern African studies (London, England)
_95008
906 _a7
_bcbc
_corignew
_d1
_eocip
_f19
_gy-gencatlg
942 _2ddc
_cSLOAN
999 _c3525
_d3525